000 00605nmm a2200205Ia 4500
008 251105s9999||||xx |||||||||||||||||und||
020 _a9788475224275
041 _aspa
100 _aGoethe, Johann Wolfgang von
245 0 _aLa vida es buena :
_b Cien poemas
264 _a[Madrid, España] :
_bVisor Libros,
_c2015
300 _a172 páginas
490 _aVisor de Poesía
650 _aOther poetry
700 _aGoethe, Johann Wolfgang von
700 1 _a Reina Palazón, José Luis
700 1 _a Unseld, Siegfried
856 _uhttps://public.digitaliapublishing.com/a/76796
942 _cCF
999 _c66180
_d66180